Fundamentals of abstract algebra (Record no. 63771)

000 -LEADER
fixed length control field 00510nam a22001937a 4500
003 - CONTROL NUMBER IDENTIFIER
control field NUST - PNEC
005 - DATE AND TIME OF LATEST TRANSACTION
control field 20170116180822.0
008 - FIXED-LENGTH DATA ELEMENTS--GENERAL INFORMATION
fixed length control field 150623b xxu||||| |||| 00| 0 eng d
020 ## - INTERNATIONAL STANDARD BOOK NUMBER
International Standard Book Number 0070400350
040 ## - CATALOGING SOURCE
Transcribing agency LIBRARY
082 ## - DEWEY DECIMAL CLASSIFICATION NUMBER
Classification number 512.02 MAL
100 ## - MAIN ENTRY--PERSONAL NAME
9 (RLIN) 4165
Personal name Malik, D.S.
245 ## - TITLE STATEMENT
Title Fundamentals of abstract algebra
Statement of responsibility, etc. D.S. Malik
250 ## - EDITION STATEMENT
Edition statement -
260 ## - PUBLICATION, DISTRIBUTION, ETC.
Place of publication, distribution, etc. New York
Name of publisher, distributor, etc. The mcGraw-Hill companies, Inc.
Date of publication, distribution, etc. c1997.
300 ## - PHYSICAL DESCRIPTION
Extent 636 p. :
650 ## - SUBJECT ADDED ENTRY--TOPICAL TERM
9 (RLIN) 4166
Topical term or geographic name entry element Algebra, Abstract
General subdivision AS
942 ## - ADDED ENTRY ELEMENTS (KOHA)
Source of classification or shelving scheme
Koha item type Book
Holdings
Withdrawn status Lost status Source of classification or shelving scheme Damaged status Not for loan Permanent Location Current Location Shelving location Date acquired Source of acquisition Cost, normal purchase price Total Checkouts Full call number Barcode Date last seen Cost, replacement price Price effective from Koha item type
          Pakistan Navy Engineering College (PNEC) Pakistan Navy Engineering College (PNEC)   05/04/2004 Royal Book Company / Library / Reference Grant 1090.18   512.02 MAL PNECLIB-026493 06/23/2015 1090.18 05/04/2004 Book
© 2023 Central Library, National University of Sciences and Technology. All Rights Reserved.